| 000 | 01511nam a22004217a 4500 | ||
|---|---|---|---|
| 001 | 000095804 | ||
| 003 | CHAP | ||
| 005 | 20220329143125.0 | ||
| 008 | 060525d2006 mx r 00110 spa d | ||
| 010 | _a92270 | ||
| 011 | _a93242 | ||
| 035 | _a103814 | ||
| 040 | _cCHAP | ||
| 090 | _aTesis | ||
| 100 | 1 |
_aSandoval Avalos, Saúl. _9102100 |
|
| 245 | 1 | 0 |
_aEstudio de factibilidad técnico-económico para el establecimiento de una piscifactoría en Rosamorada, Nayarít / _c/por Saúl Sandoval Avalos. |
| 260 |
_aChapingo, Méx. : _bEl autor, _c2006. |
||
| 300 | _a94 h. | ||
| 502 | _aTesis (Ing. Agroindustrial) - - UACH. Departamento de Ingeniería Agroindustrial | ||
| 590 |
_aALEPH _b10 _c20130110 _lUCH01 _h1512 |
||
| 590 |
_aBATCH-UPD _b10 _c20130110 _lUCH01 _h0529 |
||
| 590 |
_aBATCH-UPD _b10 _c20130410 _lUCH01 _h0209 |
||
| 590 |
_aBATCH-UPD _b10 _c20130914 _lUCH01 _h1909 |
||
| 590 |
_aBATCH-UPD _b10 _c20140324 _lUCH01 _h1457 |
||
| 590 |
_aBATCH-UPD _b10 _c20141002 _lUCH01 _h0830 |
||
| 590 |
_aCONVERSION _b10 _c20130109 _lUCH01 _h1351 |
||
| 590 |
_aE5765TAJ _b10 _c20130611 _lUCH01 _h1206 |
||
| 650 | 1 | 4 |
_aPesca _xNayarít. _987404 |
| 650 | 1 | 4 |
_aPiscicultura. _988531 |
| 650 | 1 | 4 |
_aProyectos de desarrollo. _992528 |
| 856 |
_3Finding aid _uhttp://10.13.5.2/tesis/103814.pdf _zTeclea aquí |
||
| 901 | _aBK | ||
| 905 | _aLilia | ||
| 942 | _cCD | ||
| 942 | _n0 | ||
| 949 |
_aTesis _bBC _cTES _d33724000988044 _eTS2 _fc.2 _h45269 _i103814 _sb |
||
| 949 |
_aTesis _bBC _cTES _d33724000988101 _eTS1 _h45268 _i103814 _sb |
||
| 999 |
_c92270 _d92270 |
||